Cranial Nerve Exits - Statistics

General Stats
  • This quiz has been taken 68 times
    67 since last reset
  • The average score is 4 of 15
Answer Stats
Hint Answer % Correct
CNII Optic n. Optic canal
89%
CNI Olfactory n. Cribriform plate
63%
CNV2 Maxillary n. Foramen rotundum
63%
CNV3 Mandibular n. Foramen ovale
58%
CNXII Hypoglossal n. Hypoglossal canal
53%
CNVII Facial n. IAM (1)
5%
CNVIII Vestibulocochlear n. IAM (2)
5%
CNIX Glossopharyngeal n. Jugular foramen (1)
5%
CNX Vagus n. Jugular foramen (2)
5%
CNXI Accessory n. Jugular foramen (3)
5%
CNIII Oculomotor n. SOF (1)
5%
CNIV Trochlear n. SOF (2)
5%
CNV1 Ophthalmic n. SOF (3)
5%
CNVI Abducens n. SOF (4)
5%
CNV Trigeminal n. SOF, infraorbital foramen, mental foramen
0%
No matching quizzes found
Score Distribution
Percent of People with Each Score
Percentile by Number Answered
Your Score History
You have not taken this quiz since the last reset